Les villes les plus peuplées d'Europe commençant par M - Statistiques

Statistiques générales
  • Ce quiz a été pris 125 fois
  • Le résultat moyen est 7 sur 10
Statistiques - réponses
Pays Population Villes % Correct
Espagne 3 277 000 Madrid
100%
France 870 000 Marseille
98%
Russie 13 010 000 Moscou
97%
Allemagne 1 487 000 Munich
96%
Italie 1 354 000 Milan
94%
Angleterre 470 000 Manchester
92%
Biélorussie 1 995 000 Minsk
90%
Espagne 578 000 Malaga
62%
Russie 623 000 Makhatchkala
2%
Ukraine 470 000 Mikolaiv
2%
Aucun quiz correspondant
Distribution des résultats
% des personnes avec chaque résultat
Percentile par nombre de réponses
Votre historique - résultats
Vous n’avez pas pris ce quiz